Datum a čas kvízu
36.5
Celkem bodů
Celkový počet nahraných bodů na tomto kvízu bez doplňovacích otázek.
5.
Pořadí na kvízu
Konečné umístění týmu na tomto kvízu.
Zaznamenané odpovědi
| # | Otázka | Odpověď | Body | Výsledky |
|---|---|---|---|---|
| 1. | V pátek a sobotu se v Kolovči... | A) na Chodsku | 0 | |
| 2. | Příznivci alternativního divad... | C) automobily, autobusy a bagry | 0 | |
| 3. | Minulý týden bylo odtajněno po... | Libor Bouček; Žolík | 1 | |
| 4. | Vedení McDonald's v jedné zemi... | Japonsko; Pokémon | 1 | |
| 5. | 25letý švédský atlet překonal... | Armand Duplantis; skok o tyči | 1 | |
| 6. | Hned v první otázce se zaměřím... | 1B 2A 3C 4D | 1 | |
| 7. | Jedním ze specifik prezidentsk... | A | 1 | |
| 8. | Který z těchto výroků o prezid... | B | 1 | |
| 9. | NW Präsident byl v roce 1897 p... | Tatra, Kopřivnice | 1 | |
| 10. | Která zpěvačka nahrála skladbu... | Pink | 0 |